00621nam a2200109Ia 4500008004100000020001800041245009600059260003500155650001700190650026000207856004400467171212s9999 xx 000 0 und d a9780813538136 ceditor Pineda, BaronaShipwrecked IdentitiesbNavigating Race on Nicaragua's Mosquito Coast bRutgers University Pressc2006 aAnthropology aIndians of Central America -- Nicaragua -- Ethnic identity; Indians of Central America -- Urban residence -- Mosquitia (Nicaragua and Honduras); Indians of Central America -- Mosquitia (Nicaragua and Honduras) -- Social conditions; Indigenous peoples -- M uhttp://www.jstor.org/stable/j.ctt5hj296